01237nam a2200289Ia 4500001001200000003000800012006001900020007001500039008004100054020001500095040002100110035002000131050002900151110004000180245012700220260005300347300001600400490006200416533015200478650004200630650001300672655002900685710001700714830007300731856012600804999001700930ebr10038563CaPaEBRm u cr cn|||||||||001009s2002 dcu s 000 0ceng d z0309084768 aCaPaEBRcCaPaEBR a(OCoLC)5287046114aQ 141b.N277 v.81 2002eb2 aNational Academy of Sciences (U.S.)10aBiographical memoirs.nVolume 81 /h[electronic resource] /cNational Academy of Sciences of the United States of America. aWashington, DC :bNational Academy Press,c2002. avii, 376 p.1 aBiographical memoirs / National Academy of Sciences ;v81 aElectronic reproduction.bPalo Alto, Calif. :cebrary,d2009.nAvailable via World Wide Web.nAccess may be limited to ebrary affiliated libraries. 0aScientistszUnited StatesvBiography. 0aScience. 7aElectronic books.2local2 aebrary, Inc. 0aBiographical memoirs (National Academy of Sciences (U.S.)) ;vv. 81.40uhttp://site.ebrary.com/lib/rucke/Doc?id=10038563zAn electronic book accessible through the World Wide Web; click to view c57508d57508